Towards evolvable hardware : the evolutionary engineering approach /

"Evolutionary computing, inspired by the biological world, is one of the emergent technologies of our time. Being essentially a software activity, it has been successfully applied, e.g. for optimization and machine learning in various areas. The tremendous increase in computational power and, m...

Full description

Bibliographic Details
Corporate Author: SpringerLink (Online service)
Other Authors: Sanchez, Eduardo, 1953-, Tomassini, Marco, 1949-
Format: eBook
Language:English
Published: Berlin ; New York : Springer, [1996]
Series:Lecture notes in computer science ; 1062.
Subjects:
Online Access:Connect to the full text of this electronic book

MARC

Tag First Indicator Second Indicator Subfields
LEADER 00000cam a2200000 a 4500
001 in00001306331
005 20190325093139.0
006 m o d
007 cr unu|||uuuuu
008 960322s1996 gw a ob 100 0 eng
010 |a  96014199  
016 7 |a 94698476X  |2 DE-101 
019 |a 190832782 
020 |a 3540610936  |q (Berlin : softcover : acid-free paper) 
020 |a 9783540610939  |q (Berlin : softcover : acid-free paper) 
035 |a (OCoLC)ocm34515618 
035 |a (OCoLC)34515618 
035 |9 AHB1766AM 
035 |a (OCoLC)34515618  |z (OCoLC)190832782 
040 |a DLC  |b eng  |c DLC  |d PMC  |d C$Q  |d NLGGC  |d BTCTA  |d LVB  |d YDXCP  |d BAKER  |d OCLCG  |d MBB  |d ZWZ  |d HEBIS  |d DEBBG  |d GW5XE  |d OCLCQ  |d BDX  |d MUU  |d OCLCO  |d OCLCF  |d OCLCQ  |d TFW  |d UtOrBLW 
049 |a TXAM 
050 0 0 |a TK7888.4  |b .T69 1996 
050 1 4 |a QA76  |b .L4 no.1062 
082 0 0 |a 004.2/2  |2 20 
084 |a 54.22  |2 bcl 
084 |a 28  |2 sdnb 
084 |a DAT 190f  |2 stub 
084 |a SS 4800  |2 rvk 
084 |a ST 308  |2 rvk 
245 0 0 |a Towards evolvable hardware :  |b the evolutionary engineering approach /  |c Eduardo Sanchez, Marco Tomassini, eds. 
264 1 |a Berlin ;  |a New York :  |b Springer,  |c [1996] 
264 4 |c ©1996 
300 |a 1 online resource (vii, 265 pages) :  |b illustrations  
336 |a text  |b txt  |2 rdacontent 
337 |a computer  |b c  |2 rdamedia 
338 |a online resource  |b cr  |2 rdacarrier 
490 1 |a Lecture notes in computer science ;  |v 1062 
500 |a Based on a workshop held in Lusanne, Switzerland, in Oct. 1995. 
504 |a Includes bibliographical references. 
505 0 |a Field programmable gate array (FPGA) circuits / E. Sanchez -- Evolutionary algorithms / M. Tomassini -- Artificial cellular development in optimization and compilation / F. Gruau -- CAM-BRAIN : the evolutionary engineering of a billion neuron artificial brain by 2001 which grows/evolves at electronic speeds inside a cellular automata machine (CAM) / H. de Garis -- Morphogenesis for evolvable systems / H. Kitano -- Evolvable hardware and its applications to pattern recognition and fault-tolerant systems / T. Higuchi [and others] -- Unconstrained evolution and hard consequences / A. Thompson, I. Harvey, P. Husbands -- Embryonics : the birth of synthetic life / P. Marchal [and others] -- Embryonics : a new family of coarse-grained field programmable gate array with self-repair and self-reproducing properties / D. Mange [and others] -- Evolution and mobile autonomous robotics / F. Mondada, D. Floreano -- Development and evolution of hardware behaviors / H. Hemmi, J. Mizoguchi, K. Shimohara. 
520 |a "Evolutionary computing, inspired by the biological world, is one of the emergent technologies of our time. Being essentially a software activity, it has been successfully applied, e.g. for optimization and machine learning in various areas. The tremendous increase in computational power and, more recently, the appearance of a new generation of programmable logic devices allow for a new approach to designing computing machines inspired by biological models: it is now possible to make the hardware itself evolve. This book is based on a workshop on evolvable hardware, held in Lausanne, Switzerland, in October 1995. It reports the state of the art of research in this field and presents two introductory chapters, written with the novice reader in mind."--PUBLISHER'S WEBSITE. 
500 |a Electronic resource. 
650 0 |a Computers  |x Circuits. 
650 0 |a Programmable logic devices. 
650 0 |a Genetic algorithms. 
650 0 |a Biological systems  |x Computer simulation. 
650 0 |a Evolutionary programming (Computer science) 
650 4 |a simulation. 
650 4 |a modèle biologique. 
650 4 |a langage description matériel. 
650 4 |a morphogénèse. 
650 4 |a robot autonome. 
650 4 |a robot mobile. 
650 4 |a automate cellulaire. 
650 4 |a réseau neuronal. 
650 4 |a parallelisme. 
650 4 |a circuit programmable. 
650 4 |a circuit logique. 
650 4 |a programmation génétique. 
650 4 |a algorithme génétique. 
650 6 |a Algorithmes génétiques. 
650 6 |a Dispositifs logiques programmables. 
650 6 |a Ordinateurs  |x Circuits. 
650 6 |a Programmation évolutive. 
650 6 |a Systèmes biologiques  |x Simulation par ordinateur. 
650 7 |a Biological systems  |x Computer simulation.  |2 fast  |0 (OCoLC)fst00832337 
650 7 |a Computers  |x Circuits.  |2 fast  |0 (OCoLC)fst00872792 
650 7 |a Evolutionary programming (Computer science)  |2 fast  |0 (OCoLC)fst00917347 
650 7 |a Genetic algorithms.  |2 fast  |0 (OCoLC)fst00939996 
650 7 |a Programmable logic devices.  |2 fast  |0 (OCoLC)fst01078688 
650 1 7 |a Computers.  |2 gtt 
650 1 7 |a Biologische aspecten.  |2 gtt 
650 7 |a Algorithmes génétiques.  |2 ram 
650 7 |a Ordinateurs  |x Circuits.  |2 ram 
650 7 |a Dispositifs logiques programmables.  |2 ram 
650 7 |a Ordinateurs  |x Programmation.  |2 ram 
650 7 |a Systèmes biologiques  |x Simulation par ordinateur.  |2 ram 
650 0 7 |a Evolutionärer Algorithmus.  |2 swd 
655 7 |a Electronic books.  |2 local 
655 7 |a Kongress 1995.  |2 swd 
655 4 |a Electronic resources (Books) 
700 1 |a Sanchez, Eduardo,  |d 1953- 
700 1 |a Tomassini, Marco,  |d 1949- 
710 2 |a SpringerLink (Online service) 
830 0 |a Lecture notes in computer science ;  |v 1062. 
856 4 0 |u http://proxy.library.tamu.edu/login?url=http://link.springer.com/10.1007/3-540-61093-6  |z Connect to the full text of this electronic book  |t 0 
994 |a 92  |b TXA 
999 |a MARS 
999 f f |s 76a387bf-f98d-3654-a3f1-003bc6686418  |i b8710c88-dcb6-3f17-9802-2470542a3c6e  |t 0 
952 f f |p ric  |a Texas A&M University  |b Rellis Campus  |c Joint Library Facility  |d Remote Storage  |t 0  |e TK7888.4 .T69 1996  |h Library of Congress classification  |i computer -- online resource  |m A14820098339 
998 f f |a TK7888.4 .T69 1996  |t 0  |l Remote Storage